000 00473 a2200157 4500
999 _c355
_d355
008 191119b ||||| |||| 00| 0 eng d
020 _a9780989490641
082 0 0 _a658.7
_bD2491
100 _aPierre, A. David
245 _aInternational logistics: the management of international trade operations /
_cby Pierre David
250 _a5th ed.
260 _aBerea:
_bCicero Books LLC,
_c2018.
300 _axxviii, 717 p.
650 0 _aInternational Logistics
942 _2ddc
_cBK